000 00520nam a2200205Ia 4500
003 OSt
005 20221007112227.0
006 a|||||r|||| 00| 0
007 ta
008 221006b |||||||| |||| 00| 0 eng d
024 _a25,466
037 _cBound Volume
040 _aLCO
_cLCO
_beng
041 _2eng
_aeng
245 0 _aCompany Law Journal
260 _aNew
_bDelhi Company Law Journal (Karol Bagh) India
_c1985
490 _v2 -2010
942 _cCR
999 _c1195029
_d1195029